000 00543nam a2200181Ia 4500
008 100920s9999 xx 000 0 und d
082 _b99378
_a--- न 07
100 _aकिणीकर रॉय.
245 _aकोनार्क.
260 _bडायमंड पब्लिकेशन पुणे.
_c2007
300 _a123
_bसाधी
365 _b100
520 _aकादंबरी.
630 _aकोनार्क.
650 _aकादंबरी.
730 _aकोनार्क.
942 _cBOOK
999 _c739816
_d739813